Warnings and risk communication /

Bibliographic Details
Other Authors: Wogalter, Michael S., 1955-, DeJoy, David M., Laughery, Kenneth R., 1935-
Format: Book
Language:English
Published: London ; Philadelphia : Taylor & Francis, [1999]
Subjects:

MARC

Tag First Indicator Second Indicator Subfields
LEADER 00000cam a2200000 a 4500
001 in00001524921
005 20151021162737.0
008 000128s1999 enkaf b 001 0 eng d
015 |a GB99-Y1910 
020 |a 0748402667 
035 |a (OCoLC)41212464 
040 |a UKM  |c UKM  |d C#P  |d TXA  |d UtOrBLW 
049 |a TXAM 
050 4 |a KF1296  |b .W37 1999 
082 0 4 |a 363.11  |2 21 
245 0 0 |a Warnings and risk communication /  |c edited by Michael S. Wogalter, David M. DeJoy, Kenneth R. Laughery. 
264 1 |a London ;  |a Philadelphia :  |b Taylor & Francis,  |c [1999] 
264 4 |c ©1999 
300 |a xviii, 365 pages, 8 unnumbered pages of plates :  |b illustrations (some color) ;  |c 26 cm. 
336 |a text  |b txt  |2 rdacontent 
337 |a unmediated  |b n  |2 rdamedia 
338 |a volume  |b nc  |2 rdacarrier 
504 |a Includes bibliographical references and indexes. 
650 0 |a Products liability. 
650 0 |a Communication in industrial safety. 
650 4 |a Products liability. 
650 4 |a Communication in industrial safety. 
700 1 |a Wogalter, Michael S.,  |d 1955- 
700 1 |a DeJoy, David M. 
700 1 |a Laughery, Kenneth R.,  |d 1935- 
994 |a E0  |b TXA 
948 |a cataloged  |b h  |c 2000/1/28  |d c  |e ceaton  |f 12:13:06 pm 
999 |a MARS 
999 f f |s ac50897a-380e-3e64-963e-7cc03836f374  |i 1177d2b3-8ec8-340e-b55e-98afad3b897a  |t 0 
952 f f |p normal  |a Texas A&M University  |b College Station  |c Sterling C. Evans Library  |d Evans: Library Stacks  |t 0  |e KF1296 .W37 1999  |h Library of Congress classification  |i unmediated -- volume  |m A14825565200 
998 f f |a KF1296 .W37 1999  |t 0  |l Evans: Library Stacks